000 00252nam a22001097a 4500
082 _a600
100 _aEberth,Krissy
_983410
245 _aTesla Creative Companies
260 _aDelhi
_bJaico Publication House
_c2025
650 _aTech.
942 _cBK
999 _c68307
_d68307